Statistics for Satellite States of the Soviet Union (USSR)

Click here to take the quiz!

General Stats

  • This quiz has been taken 391 times
    (366 since last reset)
  • The average score is 9 of 12

Answer Stats

Answer% Correct
Poland
98%
Romania
96%
Bulgaria
91%
Czechoslovakia
91%
Hungary
90%
East Germany
87%
Yugoslavia
85%
Albania
81%
Mongolia
69%
North Korea
64%
Manchuria
4%
East Turkestan
3%

Score Distribution

Percentile by Number Answered

Percent of People with Each Score

Your Score History

You have not taken this quiz since the last reset